Вырезки из газет по вопросам деятельности Министерства народного просвещения

Доступно только в Электронных читальных залах Найти на картеНа карте
RUSMARC
00003553nmc2a22002413x 450
0010b9d310a-3e2e-4fad-b4bf-d6e7ec1bd9eb
00520230831090028.0
100##$a20221222l19151915k l0rusy0189 ca
1010#$arus
102##$aRU
105##$ay###
1222#$ad
2001#$aВырезки из газет по вопросам деятельности Министерства народного просвещения
$jапрель-май 1915 г.
215##$a152 л.
$d30,5х21,5 см
251##$cДело
300##$aДело
371##$aДокумент не является опубликованным и широко распространяемым
461#0$1001a74412a3-3cc5-4d21-8f0a-dfe2fbd9e72d
$12001
$aДепартамент народного просвещения Министерства народного просвещения (1803-1917)
$1251
$cФонд
$1852
$j733
462#0$1001eee5cd01-9790-469a-9945-6bffddbc7761
$12001
$aРазряд общих дел
$1251
$cОпись
$1852
$j228
801#0$aRU
$bРГИА
$c20221222
$gRCR
801#1$aRU
$bГлавНИВЦ
$c20221222
$2rusmarc
801#2$aRU
$bПБ им. Б.Н. Ельцина
$c20230831
$gRCR
$2rusmarc
850##$aРГИА
852##$aРГИА
$eФедеральное казенное учреждение "Российский государственный исторический архив" (РГИА)
$j160
937##$hРГИА
$d12396389
$aASBIBLIO_SCAN
035##$aRusGRCC00058996
856##$uhttp://readingroom.main.prlib.ru/item.aspx?id_node=n187282984&mode=full
Формат отображения